Concelhos de Santarém - Statistics

Estatísticas Gerais
  • Esse quiz foi jogado 143 vezes
  • A pontuação média é 16 de 21
Respostas no mapa
Respostas codificadas por cores de uma escala verde-vermelha no mapa do quiz de acordo com a % correta abaixo.
 
Estatísticas das Respostas
Resposta % Correto
Santarém
93%
Tomar
93%
Entroncamento
87%
Constância
84%
Abrantes
82%
Coruche
82%
Golegã
82%
Benavente
80%
Chamusca
80%
Torres Novas
80%
Ferreira do Zêzere
78%
Ourém
78%
Alcanena
76%
Salvaterra de Magos
76%
Almeirim
73%
Cartaxo
73%
Mação
73%
Rio Maior
73%
Vila Nova da Barquinha
73%
Alpiarça
69%
Sardoal
62%
Nenhum quiz correspondente encontrado
Distribuição das Pontuações
Porcentagem de Pessoas com Cada Pontuação
Percentil de Números Respondidos
Sua Pontuação Histórica
Você não jogou esse quiz